Wszystkie igrzyska olimpijskie - Gdzie się odbywały? - Statystyki

Ogólne statystyki
  • Ten quiz został rozwiązany 45 razy
  • Średni wynik to 27 z 30
Statystyki odpowiedzi
Hint Odpowiedź % Poprawnych
IO 1896 Grecja
100%
IO 2004 Grecja
100%
IO 1936 Niemcy
100%
IO 1972 Niemcy
100%
IO 1900 Francja
98%
IO 1924 Francja
98%
IO 2024 Francja
98%
IO 1992 Hiszpania
98%
IO 1964 Japonia
98%
IO 2020 Japonia
98%
IO 1904 Stany Zjednoczone
98%
IO 1932 Stany Zjednoczone
98%
IO 1984 Stany Zjednoczone
98%
IO 1996 Stany Zjednoczone
98%
IO 1908 Wielka Brytania
98%
IO 1948 Wielka Brytania
98%
IO 2012 Wielka Brytania
98%
IO 1956 Australia
95%
IO 2000 Australia
95%
IO 2008 Chiny
95%
IO 1968 Meksyk
95%
IO 2016 Brazylia
93%
IO 1960 Włochy
90%
IO 1976 Kanada
88%
IO 1988 Korea Południowa
80%
IO 1920 Belgia
78%
IO 1928 Holandia
78%
IO 1912 Szwecja
78%
IO 1952 Finlandia
63%
IO 1980 Związek Radziecki
39%
Nie znaleziono quizów pasujących do podanych kryteriów
Rozkład punktacji
Procent ludzi z każdym wynikiem
Percentyl według liczby udzielonych odpowiedzi
Twoja historia wyników
Nie rozwiązałeś tego quizu